000 02531nam0a2200409 4500
001 RU\NLR\BIBL_A\012673762
005 20220304150625.0
010 _a978-5-238-03520-8
_9500
021 _aRU
_bКН-П-21-059344
_9КН-П-21-4621
035 _a(NLR Aleph) 012673762
090 _a12793178
_c12793178
100 _a20211222d2021 k y0rusy50 ca
101 0 _arus
102 _aRU
105 _ay z 000zy
181 0 _ai4
_baxxe
182 0 _an
200 1 _aПроблема регулирования и реализации полномочий Президента РФ, парламента и Правительства РФ в области национальной безопасности
_eмонография
_fЕ. А. Осавелюк
_gпод редакцией заслуженного деятеля науки Российской Федерации, заслуженного юриста Российской Федерации, доктора юридических наук, профессора Б. С. Эбзеева
203 _aТекст
_bвизуальный
_cнепосредственный
210 _aМосква
_cЮНИТИ
_cЮНИТИ-ДАНА
_d2021
215 _a319 с.
_d22
300 _aВ вып. дан. авт.: Осавелюк Е. А., канд. юрид. наук, доц.
320 _aБиблиогр.: с. 299-319 и в подстроч. примеч.
606 1 _aНациональная безопасность
_xКонституционно-правовые вопросы
_yРоссийская Федерация
_92170091
_3RU\NLR\AUTH\661305463
606 1 _aНациональная безопасность
_xОбеспечение
_xДеятельность органов государственной власти
_yРоссийская Федерация
_92311638
_3RU\NLR\AUTH\6601609047
686 1 _aХ620.61
686 1 _aХ621.162
700 1 _aОсавелюк
_bЕ. А.
_gЕлена Алексеевна
712 0 1 _4570
_aРоссийская Федерация
_bПрезидент
_9375931
_3RU\NLR\AUTH\889940547
712 0 1 _4570
_aРоссийская Федерация
_bФедеральное Собрание
_9332268
_3RU\NLR\AUTH\889918064
712 0 1 _4570
_aРоссийская Федерация
_bПравительство
_9277935
_3RU\NLR\AUTH\883349
942 _cBOOK
980 _aNB